Calculate with confidence .(6th edition) (Record no. 30906)

MARC details
000 -LEADER
fixed length control field 00690nam a2200181 a 4500
008 - FIXED-LENGTH DATA ELEMENTS--GENERAL INFORMATION
fixed length control field 201102s2010 ||||||||||||||||| || u
020 ## - INTERNATIONAL STANDARD BOOK NUMBER
International Standard Book Number 9780323089319
050 ## - LIBRARY OF CONGRESS CALL NUMBER
Classification number RS 57 Mor
100 ## - MAIN ENTRY--PERSONAL NAME
Personal name Morris, Gray
245 10 - TITLE STATEMENT
Title Calculate with confidence .(6th edition)
Statement of responsibility, etc. By C. Deborah; Gray Morris
250 ## - EDITION STATEMENT
Edition statement 6th edition
260 ## - PUBLICATION, DISTRIBUTION, ETC.
Place of publication, distribution, etc. St Louis
Name of publisher, distributor, etc. Elsevier Mosby
Date of publication, distribution, etc. 2010
300 ## - PHYSICAL DESCRIPTION
Extent xvi, 736 pages: illustrations
650 ## - SUBJECT ADDED ENTRY--TOPICAL TERM
Topical term or geographic name entry element PHARMACEUTICAL ARITHMETIC
650 #0 - SUBJECT ADDED ENTRY--TOPICAL TERM
Topical term or geographic name entry element NURSING--MATHEMATICS
700 ## - ADDED ENTRY--PERSONAL NAME
Personal name Deborah C
995 ## -
-- MEDICAL LIBRARY OPEN ACCESS
-- 905047
-- CBU-SCHOOL OF MEDICINE LIBRARY (Ndola)
-- 101.91
-- RS 57 Mor
-- 1
-- AVAILABLE
-- Nov 5, 2020
-- 905047
-- Medical Library Open Access Collection
999 ## -
-- 30906
-- 30906
Holdings
Withdrawn status Lost status Source of classification or shelving scheme Damaged status Not for loan Permanent Location Current Location Shelving location Date acquired Total Checkouts Full call number Barcode Date last seen Price effective from Koha item type
          CBU-SCHOOL OF MEDICINE LIBRARY, NDOLA. CBU-SCHOOL OF MEDICINE LIBRARY, NDOLA.   11/30/2022   RS 57 Mor 905047 11/30/2022 11/30/2022 MONOGRAPH